Central Library OPAC University of Rajshahi

Legal anthropology / (Record no. 33167)

MARC details
000 -LEADER
fixed length control field 00917nam a2200289 a 4500
001 - CONTROL NUMBER
control field 33167
003 - CONTROL NUMBER IDENTIFIER
rucl marc code BD-RjUL
005 - DATE AND TIME OF LATEST TRANSACTION
control field 20211209051947.0
008 - FIXED-LENGTH DATA ELEMENTS--GENERAL INFORMATION
fixed length control field 140430s1994 enk 001 0 eng d
020 ## - INTERNATIONAL STANDARD BOOK NUMBER
International Standard Book Number 0485114038
035 ## - SYSTEM CONTROL NUMBER
System control number (BD-RjUL)33258
040 ## - CATALOGING SOURCE
Original cataloging agency BD-RjUL
Language of cataloging eng
Transcribing agency BD-RjUL
041 ## - LANGUAGE CODE
Language code of text/sound track or separate title eng
082 ## - DEWEY DECIMAL CLASSIFICATION NUMBER
Classification number 340.115
Author mark and year ROL 1994
100 1# - MAIN ENTRY--PERSONAL NAME
Personal name Rouland, Norbert
9 (RLIN) 7059
245 10 - TITLE STATEMENT
Title Legal anthropology /
Statement of responsibility, etc. Norbert Rouland ; translated by Philippe G. Planel.
260 ## - PUBLICATION, DISTRIBUTION, ETC. (IMPRINT)
Place of publication, distribution, etc. London :
Name of publisher, distributor, etc. Athlone Press,
Date of publication, distribution, etc. 1994.
300 ## - PHYSICAL DESCRIPTION
Pagination viii, 352 p. ;
Size 23 cm.
500 ## - GENERAL NOTE
General note Translation of: Anthropologie juridique (Paris : Puf, 1988).
General note Includes bibliography and index.
650 #0 - SUBJECT ADDED ENTRY--TOPICAL TERM
Topical term or geographic name as entry element Law and anthropology
9 (RLIN) 100740
Topical term or geographic name as entry element Ethnological jurisprudence
9 (RLIN) 7060
Topical term or geographic name as entry element Law, Primitive
9 (RLIN) 100741
700 1# - ADDED ENTRY--PERSONAL NAME
Personal name Planel, Philippe G.,
Dates associated with a name 1948-
942 ## - ADDED ENTRY ELEMENTS (KOHA)
Source of classification or shelving scheme Dewey Decimal Classification
Koha item type Books
Holdings
Lost status Source of classification or shelving scheme Damaged status Not for loan Collection code Permanent Location Current Location Shelving location Date acquired Source of acquisition Cost, normal purchase price Total Checkouts Full call number Date last seen Copy number Koha item type
  Dewey Decimal Classification     Non-fiction Central Library, University of Rajshahi Central Library, University of Rajshahi   19/09/2010 Dhaka, Paragon ent. Ltd. 76.50   340.115 ROL 1994 30/04/2014 C-4 Books
  Dewey Decimal Classification     Non-fiction Central Library, University of Rajshahi Central Library, University of Rajshahi   20/08/2007 Paragon Enterprise Lit., Dhaka 59.40   340.115 ROL 1994 31/07/2016 C-2 Books
  Dewey Decimal Classification     Non-fiction Central Library, University of Rajshahi Central Library, University of Rajshahi   15/05/2006 Dhaka paragon enterprises ltd. 65.00   340.115 ROL 1994 07/12/2016 C-3 Books